[Event "Titled Tuesday intern op 01st Dec"]
[Site "Chess.com INT"]
[Date "2020.12.01"]
[Round "8"]
[White "Holt, Conrad"]
[Black "Azaladze, Shota"]
[Result "0-1"]
[WhiteElo "2549"]
[BlackElo "2439"]
[PlyCount "72"]
[EventDate "2020.12.01"]
[EventType "swiss (blitz)"]
[EventRounds "11"]
[EventCountry "USA"]
[SourceTitle "CBM 199 Extra"]
[Source "ChessBase"]
[SourceDate "2021.01.31"]
[SourceVersion "1"]
[SourceVersionDate "2021.01.31"]
[SourceQuality "1"]

1. d4 g6 2. c4 Bg7 3. Nf3 c5 4. d5 Nf6 5. Nc3 0-0 6. e4 e6 7. Bd3 exd5 8. cxd5 d6 9. h3 Re8 10. 0-0 a6 11. a4 c4 12. Bc2 Nbd7 13. Re1 Rb8 14. Bf4 Qc7 15. Rc1 b5 16. axb5 axb5 17. Nd4 Ba6 18. Nc6 Ra8 19. Ra1 Ne5 20. Nb4 Bb7 21. Nxb5 Qc5 22. Rxa8 Bxa8 23. Nxd6 Qxd6 24. Ba4 Rd8 25. Nc6 Bxc6 26. Bxc6 Nfd7 27. Ba4 Nc5 28. Bc2 Qb6 29. Re2 Qxb2 30. Be3 Qb4 31. Kh2 Ned3 32. f3 Be5+ 33. Kh1 Ra8 34. Qg1 Ra1 35. Bd1 Qb1 36. Rd2 c3 0-1

[Event "Titled Tuesday intern op 01st Dec"]
[Site "Chess.com INT"]
[Date "2020.12.01"]
[Round "9"]
[White "Swiercz, Dariusz"]
[Black "Azaladze, Shota"]
[Result "0-1"]
[WhiteElo "2649"]
[BlackElo "2439"]
[PlyCount "74"]
[EventDate "2020.12.01"]
[EventType "swiss (blitz)"]
[EventRounds "11"]
[EventCountry "USA"]
[SourceTitle "CBM 199 Extra"]
[Source "ChessBase"]
[SourceDate "2021.01.31"]
[SourceVersion "1"]
[SourceVersionDate "2021.01.31"]
[SourceQuality "1"]

1. e4 g6 2. d4 Bg7 3. Nf3 d6 4. Bc4 e6 5. 0-0 Ne7 6. Re1 h6 7. c3 Nd7 8. Nbd2 b6 9. a4 a6 10. Nf1 Bb7 11. Ng3 0-0 12. h3 e5 13. Be3 exd4 14. cxd4 d5 15. exd5 Nxd5 16. Qb3 Nxe3 17. Rxe3 c5 18. Rae1 cxd4 19. Bxf7+ Kh8 20. Re7 Nc5 21. Qd1 d3 22. Nh4 Rxf7 23. Nxg6+ Kg8 24. Rxf7 Kxf7 25. Qh5 Qd5 26. Re7+ Kg8 27. Rxg7+ Kxg7 28. Nf5+ Kf6 29. Qh4+ Kxf5 30. Ne7+ Ke6 31. Nxd5 Bxd5 32. b4 Ne4 33. Qg4+ Ke5 34. Qg7+ Kd6 35. Qxh6+ Ke5 36. Qg7+ Nf6 37. f4+ Ke6 0-1

[Event "Titled Tuesday intern op 03rd Nov"]
[Site "Chess.com INT"]
[Date "2020.11.03"]
[Round "5"]
[White "Azaladze, Shota"]
[Black "Navalgund, Niranjan"]
[Result "1-0"]
[WhiteElo "2439"]
[BlackElo "2289"]
[PlyCount "133"]
[EventDate "2020.11.03"]
[EventType "swiss (blitz)"]
[EventRounds "11"]
[EventCountry "USA"]
[SourceTitle "CBM 199 Extra"]
[Source "ChessBase"]
[SourceDate "2021.01.31"]
[SourceVersion "1"]
[SourceVersionDate "2021.01.31"]
[SourceQuality "1"]

1. Nf3 Nf6 2. d3 g6 3. Nbd2 Bg7 4. e4 d6 5. Be2 e5 6. 0-0 0-0 7. c3 a5 8. Re1 a4 9. Nc4 b5 10. Ne3 c6 11. Bf1 Ng4 12. h3 Nh6 13. d4 Qc7 14. d5 Bb7 15. c4 bxc4 16. dxc6 Nxc6 17. Nd5 Qd8 18. Bxc4 Kh8 19. Be3 f5 20. Bb6 Qd7 21. Nc7 fxe4 22. Ng5 Nd4 23. Nxa8 Bxa8 24. Bxd4 exd4 25. Nxe4 d5 26. Nc5 Qc6 27. Ne6 dxc4 28. f3 d3 29. Nxf8 Bxf8 30. Qd2 Bc5+ 31. Kh1 Nf5 32. Qc3+ Bd4 33. Qb4 Bc5 34. Qc3+ Kg8 35. Qxc4+ Kg7 36. Qxd3 Bf2 37. Rac1 Qf6 38. Rc7+ Kh6 39. Qd2+ Qg5 40. Qxf2 Qf4 41. Ra7 Bd5 42. b3 axb3 43. axb3 Ng3+ 44. Kg1 Nf5 45. b4 Qxb4 46. Rd7 Bc6 47. Qd2+ Qxd2 48. Rxd2 Kg5 49. Kf2 h5 50. Rc1 Ba4 51. Rc5 Kf6 52. Ra2 Bb3 53. Ra6+ Kg7 54. Rxf5 gxf5 55. Ke3 Bc4 56. Rb6 Bf1 57. Rb2 Kg6 58. Kf4 Kf6 59. h4 Kg6 60. Rb6+ Kg7 61. g3 Bd3 62. Kg5 Be2 63. f4 Bg4 64. Rg6+ Kf7 65. Rf6+ Kg7 66. Rxf5 Bxf5 67. Kxf5 1-0

[Event "Titled Tuesday intern op 27th Oct"]
[Site "Chess.com INT"]
[Date "2020.10.27"]
[Round "4"]
[White "Perez, Robinson Molina"]
[Black "Azaladze, Shota"]
[Result "0-1"]
[WhiteElo "2240"]
[BlackElo "2439"]
[PlyCount "84"]
[EventDate "2020.10.27"]
[EventType "swiss (blitz)"]
[EventRounds "11"]
[EventCountry "USA"]
[SourceTitle "CBM 199 Extra"]
[Source "ChessBase"]
[SourceDate "2021.01.31"]
[SourceVersion "1"]
[SourceVersionDate "2021.01.31"]
[SourceQuality "1"]

1. Nf3 g6 2. c4 Bg7 3. d4 f5 4. g3 Nf6 5. Bg2 0-0 6. 0-0 c6 7. d5 cxd5 8. cxd5 Ne4 9. Nfd2 Nd6 10. Nc3 b5 11. a4 b4 12. Nb5 Na6 13. Qb3 Nb7 14. d6+ e6 15. Nc4 Nbc5 16. Qc2 Bb7 17. Bf4 b3 18. Qd2 Bxg2 19. Kxg2 Qc8 20. Nc7 Qb7+ 21. f3 Rac8 22. Na5 Qb4 23. Qxb4 Nxb4 24. Rab1 Nxa4 25. Nc4 Nc2 26. Rfd1 e5 27. Bxe5 Bxe5 28. Nxe5 Ne3+ 29. Kf2 Nxd1+ 30. Rxd1 Rfd8 31. Rd3 Rb8 32. Rd2 Rb4 33. g4 fxg4 34. Nxg4 Nc5 35. Nf6+ Kg7 36. Nfd5 Rh4 37. Kg3 Ra4 38. e4 Ra2 39. Ne7 a5 40. Kf2 a4 41. Ke2 a3 42. bxa3 Rb8 0-1